000 00360nam a2200145 i 4500
001 bg
100 1 _aCYGAŃSKI, Andrzej
_c(1927- ).
245 0 _aChemiczne metody analizy ilościowej /
_cA. Cygański.
260 _aWarszawa,
_c1987.
040 _cBPK
041 _apol
080 _a543.062(075.8)
942 _cKS
008 s pl f |000 0 pol
999 _c3499
_d3499
856 _uhttp://koha.tu.koszalin.pl/cgi-bin/koha/opac-detail.pl?biblionumber=3499
_yKatalog online BPK